000
00303nam a2200109Ia 4500
008
200302s9999 xx 000 0 und d
100
_a
Andrea Gleiniger and Other
245
_a
Simulation Presentation Technique and Cognitive Method
260
_b
Birkhauser Verlag Ag
260
_c
2008
300
_a
1118 P.,
999
_c
2936
_d
2936